000 00988nam a22003257a 4500
003 CHAP
005 20220329134759.0
008 971013s1970 r 00010 d
010 _a25804
011 _a26776
035 _a30877
040 _cCHAP
082 _a636.4
_bB85 1970
100 0 0 _aBundy, Clarence E.
_916074
245 _aSwine production
250 _a3 ed.
260 _aEnglewood Cliffs, N. J. :
_bPrentice-Hall,
_c1970
300 _a342 p.
_b: ilus.
590 _aBATCH-UPD
_b10
_c20130110
_lUCH01
_h0316
590 _aBATCH-UPD
_b10
_c20130110
_lUCH01
_h1953
590 _aBATCH-UPD
_b10
_c20130409
_lUCH01
_h2349
590 _aBATCH-UPD
_b10
_c20130914
_lUCH01
_h0756
590 _aCONVERSION
_b10
_c20130109
_lUCH01
_h1315
650 1 4 _aGanado porcino.
_945328
650 1 4 _aGanado porcino
_xProducción.
_945399
700 0 _aDiggins, Ronald V.
_932570
901 _aBK
942 _cLIBRO
949 _a636.4 B85 1970
_bBC
_cLIBRO
_d33724000114088
_eLIBRO
_h39751
_i30877
_si
999 _c25804
_d25804